Sanat - "Täällä Pohjantähden alla" (2. versio) - Statistics

Yleistilastot
  • Tätä visaa on pelattu 56 kertaa
  • Keskiarvotulos 24 / 81
Vastaustilastot
Vastaus % Oikein
alla
100%
Pohjantähden
100%
Täällä
100%
Täällä
100%
Täällä
100%
on
63%
on
63%
on
63%
on
63%
nyt
40%
kodon
38%
kodon
38%
puolen
38%
puolen
38%
saamme
38%
saamme
38%
toisen
38%
toisen
38%
tuolla
38%
tuolla
38%
kotomaamme
35%
mutta
35%
mutta
35%
tähtein
35%
tähtein
35%
ja
30%
ja
30%
ja
30%
kuin
30%
kuin
30%
kuin
30%
ilo
28%
ilo
28%
siellä
25%
siellä
25%
siellä
25%
siellä
25%
siellä
25%
siellä
25%
aika
23%
enkeleillä
23%
enkeleillä
23%
kukkasella
23%
loppumaton
23%
loppumaton
23%
lyhyt
23%
meillä
23%
niin
23%
niin
23%
kotomaani
20%
kotomaani
20%
tahdon
20%
tahdon
20%
mennä
18%
mennä
18%
Sinne
18%
sinne
18%
sinne
18%
huokailee
15%
itku
15%
jo
15%
lennä
15%
näyttää
15%
näyttää
15%
riemun
15%
riemun
15%
siivillä
15%
silmä
15%
silmä
15%
silmän
15%
täyttää
15%
toivon
15%
iloitsee
13%
iloitsee
13%
kun
13%
kun
13%
pieni
13%
sydän
13%
sydän
13%
sydän
13%
sydän
13%
Ehtoja vastaavia visoja ei löytynyt
Tulosjakauma
Jokaisen tuloksen saaneiden osuus
Persentiili vastausten määrän mukaan
Tuloshistoriasi
Et ole pelannut tätä visaa